00344nam a2200121Ia 4500008004100000082000800041082000800049245004100057300000900098942000800107999001900115952008800134231017s9999 xx 000 0 und d a624 bGEO 0aGeotechnical Series: Expansive Soils c30cm cREP c604058d604058 00104070aNITbNITd2023-10-17l0o624 GEOpNIT-3235r2023-10-17w2023-10-17yREP